Guess the random soccer/football player 3 - Statistics

General Stats
  • This quiz has been taken 32 times
  • The average score is 6 of 16
Answer Stats
Picture Answer % Correct
Ivan Rakitic
82%
Samuel Umtiti
82%
Hugo Ekitike
57%
Justin Kluivert
54%
Pau Torres
54%
Cédric Soares
46%
Rani Khedira
43%
Armando Broja
36%
Jordan Veretout
32%
Leander Dendoncker
32%
Giacomo Bonaventura
29%
Nicolo Fagioli
29%
Antonee Robinson
21%
Cyriel Dessers
18%
Steven Defour
18%
Ellis Simms
7%
No matching quizzes found
Score Distribution
Percent of People with Each Score
Percentile by Number Answered
Your Score History
You have not taken this quiz